| 000 | 00491nam a2200193Ia 4500 | ||
|---|---|---|---|
| 003 | GCL | ||
| 008 | 140319s9999 xx 000 0 eng d | ||
| 040 |
_aGCL / _cGCL |
||
| 082 | 0 | 4 |
_a255.53 _bL J |
| 100 | 1 | _aLACOUTURE, JEAN | |
| 245 | 1 | 0 |
_aJESUITES: UNE MULTI BIOGRAPHIE / _cLACOUTURE, JEAN |
| 260 |
_a[S.N] : _bEDITIONS DU SEUIL ، _c1991 |
||
| 300 | _a618 P | ||
| 650 | 0 | 4 | _aRELIGION |
| 650 | 0 | 4 | _aTESUITS |
| 650 | 0 | 4 | _aCHRISTIANITY |
| 650 | 0 | 4 | _aCHILDREN - CHURCH |
| 942 |
_2ddc _cBK |
||
| 999 |
_c15501 _d15501 |
||